<?xml version="1.0" encoding="UTF-8"?>
<collection xmlns="http://www.loc.gov/MARC21/slim">
    <record>
        <controlfield tag="001">9319</controlfield>
        <controlfield tag="005">20150325140134.0</controlfield>
        <datafield tag="037" ind1=" " ind2=" ">
            <subfield code="a">TAZ-TFG-2012-726</subfield>
        </datafield>
        <datafield tag="041" ind1=" " ind2=" ">
            <subfield code="a">spa</subfield>
        </datafield>
        <datafield tag="100" ind1="1" ind2=" ">
            <subfield code="a">Gargallo Górriz, Verónica</subfield>
        </datafield>
        <datafield tag="245" ind1="0" ind2="0">
            <subfield code="a">Discapacidad intelectual y Dispositivos móviles</subfield>
        </datafield>
        <datafield tag="260" ind1=" " ind2=" ">
            <subfield code="a">Zaragoza</subfield>
            <subfield code="b">Universidad de Zaragoza</subfield>
            <subfield code="c">2012</subfield>
        </datafield>
        <datafield tag="506" ind1=" " ind2=" ">
            <subfield code="a">by-nc-sa</subfield>
            <subfield code="b">Creative Commons</subfield>
            <subfield code="c">3.0</subfield>
            <subfield code="u">http://creativecommons.org/licenses/by-nc-sa/3.0/</subfield>
        </datafield>
        <datafield tag="520" ind1=" " ind2=" ">
            <subfield code="a">El presente trabajo pretende abordar la funcionalidad de las nuevas tecnologías desde el punto de vista del usuario con discapacidad intelectual, concretamente la de los  dispositivos/localizadores móviles. Los principales objetivos de este trabajo fueron observar en qué medida el usuario fue capaz de discriminar en qué situaciones debía/no debía hacer uso del dispositivo, aprender a bloquear/desbloquear el Smartphone y realizar la carga de la batería de forma autónoma. Para ello, se realizó un test de evaluación, el cual contenía diferentes dibujos del Smartphone relacionados con los objetivos anteriormente citados (ver Anexos I, II, III y IV). Una vez confeccionado el test de evaluación, se invitó al participante del estudio a realizarlo. Previamente se diseñó y presentó al usuario, un test en el que debía seleccionar uno de los iconos planteados que le sugería “situación de peligro” (ver Anexos V, VI y VII) con el fin de que formara parte de uno de los botones del dispositivo. Por último, señalar que los resultados obtenidos, en mayor o menor medida apoyan las hipótesis sobre el logro de los objetivos planteados previamente.</subfield>
        </datafield>
        <datafield tag="521" ind1=" " ind2=" ">
            <subfield code="a">Graduado en Psicología</subfield>
        </datafield>
        <datafield tag="540" ind1=" " ind2=" ">
            <subfield code="a">Derechos regulados por licencia Creative Commons</subfield>
        </datafield>
        <datafield tag="700" ind1=" " ind2=" ">
            <subfield code="a">Lucas Alba, Antonio</subfield>
            <subfield code="e">dir.</subfield>
        </datafield>
        <datafield tag="710" ind1="2" ind2=" ">
            <subfield code="a">Universidad de Zaragoza</subfield>
            <subfield code="b">Psicología y Sociología</subfield>
            <subfield code="c">Psicología Básica</subfield>
        </datafield>
        <datafield tag="856" ind1="0" ind2=" ">
            <subfield code="f">578254@celes.unizar.es</subfield>
        </datafield>
        <datafield tag="856" ind1="4" ind2=" ">
            <subfield code="s">1159711</subfield>
            <subfield code="u">http://zaguan.unizar.es/record/9319/files/TAZ-TFG-2012-726.pdf</subfield>
            <subfield code="y">Memoria (spa)</subfield>
        </datafield>
        <datafield tag="909" ind1="C" ind2="O">
            <subfield code="o">oai:zaguan.unizar.es:9319</subfield>
            <subfield code="p">trabajos-fin-grado</subfield>
            <subfield code="p">driver</subfield>
        </datafield>
        <datafield tag="950" ind1=" " ind2=" ">
            <subfield code="a"></subfield>
        </datafield>
        <datafield tag="980" ind1=" " ind2=" ">
            <subfield code="a">TAZ</subfield>
            <subfield code="b">TFG</subfield>
            <subfield code="c">FCSH</subfield>
        </datafield>
    </record>

    
</collection>